000 nam a22 7a 4500
999 _c55107
_d55107
003 OSt
005 20220808162512.0
008 220808b xxu||||| |||| 00| 0 eng d
040 _cIIMT UNIVERSITY
100 _aSINHA, KAILASH
245 _aAN INTRODUCTION TO DEFFERENTIAL GIOMETRY
260 _aMEERUT
_bSHALINI PR.
_c1974
300 _a290
942 _2ddc
_c09